প্রত্ননিদর্শন : কুমিল্লা / (Record no. 41563)
[ view plain ]
| 000 -LEADER | |
|---|---|
| fixed length control field | 00894nam a22002297a 4500 |
| 001 - CONTROL NUMBER | |
| control field | 41563 |
| 003 - CONTROL NUMBER IDENTIFIER | |
| rucl marc code | BD-RjUL |
| 005 - DATE AND TIME OF LATEST TRANSACTION | |
| control field | 20211209053418.0 |
| 008 - FIXED-LENGTH DATA ELEMENTS--GENERAL INFORMATION | |
| fixed length control field | 160602s2010 bg a|||| |||| 00| 0 ben d |
| 020 ## - INTERNATIONAL STANDARD BOOK NUMBER | |
| International Standard Book Number | 9789848920008 |
| Terms of availability | : TK 300.00 |
| 035 ## - SYSTEM CONTROL NUMBER | |
| System control number | (BD-RjUL) 41681 |
| 040 ## - CATALOGING SOURCE | |
| Original cataloging agency | BD-RjUL |
| Language of cataloging | ben |
| Transcribing agency | BD-RjUL |
| 041 ## - LANGUAGE CODE | |
| Language code of text/sound track or separate title | ben |
| 082 ## - DEWEY DECIMAL CLASSIFICATION NUMBER | |
| Edition number | 23 |
| Classification number | 930.109954923 |
| Author mark and year | BEP 2010 |
| 100 ## - MAIN ENTRY--PERSONAL NAME | |
| Personal name | বেগম, আয়শা |
| 9 (RLIN) | 127711 |
| 245 10 - TITLE STATEMENT | |
| Title | প্রত্ননিদর্শন : কুমিল্লা / |
| Statement of responsibility, etc. | আয়শা বেগম |
| 260 ## - PUBLICATION, DISTRIBUTION, ETC. (IMPRINT) | |
| Place of publication, distribution, etc. | ঢাকা : |
| Name of publisher, distributor, etc. | বাংলাদেশ বিশ্ববিদ্যালয়, |
| Date of publication, distribution, etc. | ২০১০ |
| 300 ## - PHYSICAL DESCRIPTION | |
| Pagination | xxii, ২৪০ পৃ. : |
| Illustrations | চিত্র ; |
| Size | ২৩ সেমি. |
| 650 ## - SUBJECT ADDED ENTRY--TOPICAL TERM | |
| Topical term or geographic name as entry element | Archeology |
| Geographic subdivision | Bangladesh |
| 9 (RLIN) | 123029 |
| Topical term or geographic name as entry element | প্রত্নতত্ত্ব |
| Geographic subdivision | বাংলাদেশ |
| 9 (RLIN) | 123030 |
| 942 ## - ADDED ENTRY ELEMENTS (KOHA) | |
| Source of classification or shelving scheme | Dewey Decimal Classification |
| Koha item type | Books |
| Lost status | Source of classification or shelving scheme | Damaged status | Not for loan | Collection code | Permanent Location | Current Location | Shelving location | Date acquired | Source of acquisition | Cost, normal purchase price | Total Checkouts | Full call number | Date last seen | Date checked out | Copy number | Koha item type |
|---|---|---|---|---|---|---|---|---|---|---|---|---|---|---|---|---|
| Dewey Decimal Classification | Non-fiction | Central Library, University of Rajshahi | Central Library, University of Rajshahi | 23/02/2011 | Monjury commission : D.U. | 300.00 | 1 | B 930.109954923 BEP 2010 | 17/10/2022 | 12/10/2022 | C-2 | Books | ||||
| Dewey Decimal Classification | Non-fiction | Central Library, University of Rajshahi | Central Library, University of Rajshahi | 24/02/2011 | Monjury commission : D.U. | 300.00 | B 930.109954923 BEP 2010 | 20/07/2016 | C-3 | Books |